Moto2 Riders 2025 - Statistics

General Stats
  • This quiz has been taken 17 times
  • The average score is 17 of 28
Answer Stats
Team Rider % Correct
Aspar Daniel Holgado
100%
Elf Marc Filip Salac
100%
Elf Marc Jake Dixon
100%
Pramac Tony Arbolino
100%
Fantic Racing Aron Canet
86%
Aspar David Alonso
86%
RedBull KTM Deniz Öncü
86%
Intact GP Manuel Gonzalez
86%
HDR Heidrun Alonso Lopez
71%
Fantic Racing Barry Baltus
71%
Pramac Izan Guevara
71%
American Racing Joe Roberts
71%
Forward Factory Alex Escrig
57%
HDR Heidrun Celestino Vietti
57%
RedBull KTM Collin Veijer
57%
American Racing Marcos Ramirez
57%
Intact GP Senna Agius
57%
OJMotor MSI Sergio Garcia
57%
Italtrans Racing Adrian Huertas
43%
Gresini Albert Arenas
43%
Italtrans Racing Diogo Moreira
43%
OJMotor MSI Ivan Ortola
43%
Forward Factory Jorge Navarro
43%
Gresini Darryn Binder
29%
Honda Asia Mario Suryo Aji
29%
Idrofoglia Racing Ayumu Sasaki
14%
Honda Asia Yuki Kunii
14%
Idrofoglia Racing Zonta Van Den Goorbergh
14%
No matching quizzes found
Score Distribution
Percent of People with Each Score
Percentile by Number Answered
Your Score History
You have not taken this quiz